00775nam a22002417a 45000010005000000030006000050050017000110080041000280200015000690400029000840820010001131000021001232450075001442600050002193000049002695050008003185200093003265210020004195210020004396500020004596500017004797000037004969789FISKH20260224150936.0260224b cb ||||| |||| 00| 0 eng d a1880892545 aFISKHbengcFISKHdFISKH a398.2 aNichols , Yuriko aForest fables / cBy Yuriko Nichols : Illustrated by Michelle Mallard  aMelrose , FL :bCommon Sense Press , c1998 . a35 pages : bcolor illustrations ; c19 cm.  aK  aIndividual reader to correspond with Learning Language Arts Through Literature, Grade 2.8 a520 bLexile 8 aK bRaz-Plus  aFablesvFiction aMomvFiction aMallard , MichelleeIllustrator